000 00253nam a2200121 i 4500
001 bg
245 0 _aPrawo o ruchu drogowym.
260 _aWarszawa,
_c1987.
040 _cBPK
041 _apol
942 _cKS
008 s pl f |000 0 pol
999 _c3360
_d3360
856 _uhttp://koha.tu.koszalin.pl/cgi-bin/koha/opac-detail.pl?biblionumber=3360
_yKatalog online BPK